| 000 | 00671cam a2200253 4500 | ||
|---|---|---|---|
| 005 | 20260322212059.0 | ||
| 008 | data | ||
| 010 | _a 73004956 | ||
| 020 | _a0528819119 | ||
| 020 | _a9780528819117 | ||
| 040 |
_aDLC _cDLC _dDLC |
||
| 043 | _an-us-co | ||
| 050 | 0 | 0 |
_aF777 _b.M83 |
| 082 | 0 | 0 | _a917.88/04/30222 |
| 092 | _a917.88 M83 1973 | ||
| 100 | 1 | _aMuench, David. | |
| 245 | 1 | 0 |
_aColorado, summer/fall/winter/spring. _cDavid Muench & N. Scott Momaday. |
| 260 |
_aChicago, _bRand McNally _c[1973] |
||
| 300 |
_a120 p. _bcol. illus. _c36 cm. |
||
| 350 | _a{dollar}19.95 | ||
| 651 | 0 |
_aColorado _xPictorial works. |
|
| 700 | 1 |
_aMomaday, N. Scott, _d1934- |
|
| 001 | data | ||
| 999 |
_c1426 _d1426 |
||